| 000 | 01355nam0a2200325 4500 | ||
|---|---|---|---|
| 001 | RU\NLR\bibl\1700432 | ||
| 005 | 20260406081826.0 | ||
| 010 |
_a978-5-91315-722-5 _97000 |
||
| 021 |
_aRU _b2010-79408 _95295 |
||
| 035 | _a(nilc)RSL-KNO-004746792 | ||
| 035 | _a(NLR Aleph) 001691514 | ||
| 090 |
_a1163757 _c1163757 |
||
| 100 | _a20101018d2010 |||y0rusy50 ca | ||
| 101 | 0 | _arus | |
| 102 | _aRU | ||
| 105 | _aa zzzz||||| | ||
| 200 | 1 |
_aРазвиваем внимание _e[стихи _eдля чтения взрослыми детям _fавт. и худож. Сергей Михайлов] |
|
| 210 |
_aМосква _cДетский мир _d2010 |
||
| 215 |
_a[8] с. _cцв. ил. _d22 |
||
| 225 | 1 | _aСкоро в школу | |
| 225 | 1 | _aСерия "Ладушки" | |
| 300 | _aАвт. указан перед вып. дан. | ||
| 700 | 1 |
_4070 _8rus _7ca _aМихайлов _bС. В. _cдетский писатель, иллюстратор _gСергей Викторович _3RU\NLR\auth\7746675 _929610 |
|
| 702 | 1 |
_4040 _8rus _7ca _aМихайлов _bС. В. _cдетский писатель, иллюстратор _gСергей Викторович _3RU\NLR\auth\7746675 _929610 |
|
| 801 | 0 |
_aRU _bРГБ _c20101018 _gRCR |
|
| 801 | 1 |
_aRU _bРГБ _c20101018 |
|
| 801 | 2 |
_aRU _bNLR _c20101116 _grcr |
|
| 942 | _cBOOK | ||
| 980 | _aNB | ||